|
|
|
|
| LEADER |
00000naa0a2200000 4500 |
| 001 |
663647 |
| 005 |
20251204071624.0 |
| 035 |
|
|
|a (RuTPU)RU\TPU\network\34817
|
| 035 |
|
|
|a RU\TPU\network\34575
|
| 090 |
|
|
|a 663647
|
| 100 |
|
|
|a 20210224d2020 k y0rusy50 ca
|
| 101 |
0 |
|
|a rus
|
| 102 |
|
|
|a RU
|
| 135 |
|
|
|a drcn ---uucaa
|
| 181 |
|
0 |
|a i
|
| 182 |
|
0 |
|a b
|
| 200 |
1 |
|
|a Решение задачи определения оптимальных параметров возобновляемой генерации при интеграции в электроэнергетическую систему
|f Я. Ю. Малькова, Р. А. Уфа, Е. А. Мыцко
|
| 203 |
|
|
|a Текст
|c электронный
|
| 300 |
|
|
|a Заглавие с экрана
|
| 320 |
|
|
|a [Библиогр.: 2 назв.]
|
| 463 |
|
|
|t Прикладная математика и информатика
|l труды 63-й Всероссийской научной конференции МФТИ, Москва, 23-29 ноября 2020
|v [С. 186-188]
|d 2020
|
| 610 |
1 |
|
|a электронный ресурс
|
| 610 |
1 |
|
|a труды учёных ТПУ
|
| 700 |
|
1 |
|a Малькова
|b Я. Ю.
|c специалист в области электроэнергетики
|c ассистент кафедры Томского политехнического университета
|f 1996-
|g Яна Юрьевна
|y Томск
|3 (RuTPU)RU\TPU\pers\47178
|9 22758
|
| 701 |
|
1 |
|a Уфа
|b Р. А.
|c специалист в области электроэнергетики
|c доцент Томского политехнического университета, кандидат технических наук
|f 1988-
|g Руслан Александрович
|3 (RuTPU)RU\TPU\pers\30313
|9 14658
|
| 701 |
|
1 |
|a Мыцко
|b Е. А.
|c специалист в области информатики и вычислительной техники
|c программист Томского политехнического университета
|f 1991-
|g Евгений Алексеевич
|3 (RuTPU)RU\TPU\pers\32945
|9 16793
|
| 801 |
|
2 |
|a RU
|b 63413507
|c 20220411
|g RCR
|
| 856 |
4 |
|
|u https://mipt.ru/science/5top100/education/courseproposal/ФПМИ%20финал-compressed2.pdf#page=187
|
| 942 |
|
|
|c CF
|